Revolution in Rome. (Record no. 13660)

000 -LEADER
fixed length control field 00591nam a2200181 a 4500
001 - CONTROL NUMBER
control field :::00011483$&:&@@
003 - CONTROL NUMBER IDENTIFIER
control field OkBaRHE
005 - DATE AND TIME OF LATEST TRANSACTION
control field 20000607103409.0
008 - FIXED-LENGTH DATA ELEMENTS--GENERAL INFORMATION
fixed length control field s1972 j 000 0 eng u
040 ## - CATALOGING SOURCE
Transcribing agency
100 1# - MAIN ENTRY--PERSONAL NAME
Personal name Wells, David F.
245 10 - TITLE STATEMENT
Title Revolution in Rome.
260 ## - PUBLICATION, DISTRIBUTION, ETC. (IMPRINT)
Place of publication, distribution, etc Downers Grove, IL., :
Name of publisher, distributor, etc InterVarsity Press
Date of publication, distribution, etc c1972
300 ## - PHYSICAL DESCRIPTION
Extent 149 p. ;
Dimensions 22 cm.
650 ## - SUBJECT ADDED ENTRY--TOPICAL TERM
Topical term or geographic name as entry element Catholic Church
General subdivision Doctrinal And Controversial Works
-- Protestant Authors
942 ## - ADDED ENTRY ELEMENTS (KOHA)
Source of classification or shelving scheme
Koha item type Books
Copies
Koha item type Copy number Date acquired Permanent Location Withdrawn status Full call number Not for loan Shelving location Date last seen Damaged status Barcode Source of classification or shelving scheme Price effective from Lost status
Books12010-04-14RHEMA Bible Training College BX 1751.2 .W43 General Stacks2010-04-14 11483 2010-04-14